Scientists borrow from biology to expand the horizons of computing / (Record no. 834)

000 -LEADER
fixed length control field 00772nam a22001937a 4500
003 - CONTROL NUMBER IDENTIFIER
control field OSt
005 - DATE AND TIME OF LATEST TRANSACTION
control field 20140116120839.0
008 - FIXED-LENGTH DATA ELEMENTS--GENERAL INFORMATION
fixed length control field 111209t xxu||||| |||| 00| 0 eng d
100 ## - MAIN ENTRY--PERSONAL NAME
Personal name Lohr, Steve.
245 ## - TITLE STATEMENT
Title Scientists borrow from biology to expand the horizons of computing /
Statement of responsibility, etc Steve Lohr.
260 ## - PUBLICATION, DISTRIBUTION, ETC. (IMPRINT)
Place of publication, distribution, etc Nairobi :
Name of publisher, distributor, etc Nation Media Group ,
Date of publication, distribution, etc Thursday, December 8 2011.
300 ## - PHYSICAL DESCRIPTION
Extent p. 12, 13.
440 ## - SERIES STATEMENT/ADDED ENTRY--TITLE
Title Business Daily, December 2011.
505 ## - FORMATTED CONTENTS NOTE
Formatted contents note The principles of biology are gaining ground as a tool in computing. Focus is now on technology with characteristics of being able to learn instead of responding to commands.
650 ## - SUBJECT ADDED ENTRY--TOPICAL TERM
Topical term or geographic name as entry element electronic brain.
650 ## - SUBJECT ADDED ENTRY--TOPICAL TERM
Topical term or geographic name as entry element neurosynaptic chips -- neurons.
650 ## - SUBJECT ADDED ENTRY--TOPICAL TERM
Topical term or geographic name as entry element synaptic memory.
942 ## - ADDED ENTRY ELEMENTS (KOHA)
Source of classification or shelving scheme
Koha item type Article
Holdings
Withdrawn status Lost status Source of classification or shelving scheme Damaged status Not for loan Home library Current library Date acquired Total Checkouts Full call number Date last seen Price effective from Koha item type
          Riara University Library Riara University Library 09/12/2011   Periodical 09/12/2011 09/12/2011 Article

Riara University Library,
P.O. Box 49940-00100,
Nairobi, Kenya.